ՀՀ Գիտությունների ազգային ակադեմիայի հիմնարար գիտական գրադարան  =   Fundamental Scientific Library of NAS RA
Normal view MARC view

Entry Personal Name

Number of records used in: 6

001 - CONTROL NUMBER

  • control field: 1937

003 - CONTROL NUMBER IDENTIFIER

  • control field: AM-YEHGA

005 - DATE AND TIME OF LATEST TRANSACTION

  • control field: 20250617070432.0

008 - FIXED-LENGTH DATA ELEMENTS

  • fixed length control field: 050624 a|ac|n|aab||||||||||||a |n|||||||

040 ## - CATALOGING SOURCE

  • Original cataloging agency: AM-YEHGA

100 1# - HEADING--PERSONAL NAME

  • Personal name: Ղարիբյան, Արարատ Սմբատի,
  • Dates associated with a name: 1903-1952

400 1# - SEE FROM TRACING--PERSONAL NAME

  • Personal name: Ղարիբյան, Արարատ,
  • Dates associated with a name: 1903-1952

400 1# - SEE FROM TRACING--PERSONAL NAME

  • Personal name: Ղարիբյան, Ար.
  • Fuller form of name: (Արարատ),
  • Dates associated with a name: 1903-1952

400 1# - SEE FROM TRACING--PERSONAL NAME

  • Personal name: Ղարիբյան, Ա.
  • Fuller form of name: (Արարատ),
  • Dates associated with a name: 1903-1952

400 1# - SEE FROM TRACING--PERSONAL NAME

  • Personal name: Гарибян, Арарат Смбатович,
  • Dates associated with a name: 1903-1952

400 1# - SEE FROM TRACING--PERSONAL NAME

  • Personal name: Kharibyan, Ararat Smbati,
  • Dates associated with a name: 1903-1952

670 ## - SOURCE DATA FOUND

  • Source citation: Հայկական համառոտ հանրագիտարան, 1999 :
  • Information found: հ. 3 (Ղարիբյան Արարատ Սմբատի (23.5.1903, գ. Ներքին Աղբաշ (այժմ՝ գ. Արևշատ, ՀՀ Արարատի մ-ում) - 23.6.1952, Մոսկվա), նկարիչ։ Դասավանդել է ԵԳԻ-ում (1947-52))

670 ## - SOURCE DATA FOUND

  • Source citation: Զորյան Ստ. Մի գիշեր անտառում (Պատմվածք), 1931 :
  • Information found: տիտղթ. (Նկ.՝ Ար. Ղարիբյան)

670 ## - SOURCE DATA FOUND

  • Source citation: Հայրապետյան Հ. Փնջիկ (Բանաստեղծ.ժող. փոքրահասակ երեխաների համար), 1948 :
  • Information found: տիտղթ. (Նկ.՝ Ա. Ղարիբյան)


ՀՀ ԳԱԱ հիմնարար գիտական գրադարան
ՀՀ,Երևան 0019
Մարշալ Բաղրամյան 24/6
հեռախոս:(374-10) 52-47-50
Հետադարձ կապ

All site content, except where otherwise noted, is licensed under a
Creative Commons License